000 00779nam a2200253Ia 4500
003 OSt
005 20220928125829.0
006 a|||||r|||| 00| 0
007 ta
008 220927b |||||||| |||| 00| 0 eng d
020 _c700
024 _a109875
037 _b145, 22/10/2010, Pioneer Book Distributors
_cTextual
040 _aSDCL
_cSDCL
_beng
041 _2eng
_aeng
082 _aV2:449(Z2)'P, P0
100 _aZutshi Ragini Trakroo Ed.
_9471665
245 0 _aRefugees and the law.
260 _aNew Delhi
_bHuman Rights Law Network
_c2000
300 _axviii,758p
_ccm.
650 _aPolitical Science
942 _hV2:449(Z2)'P, P0
_cTEXL
_2CC
999 _c784222
_d784222